00643nam a2200169 i 450000100060000000300090000600500170001500700030003200800410003511100580007624500990013426000580023330000210029185200200031299900170033295201240034946424ES-MaACL20230906161400.0t|030328s1886 sp ||||1| spa d2 aCongreso Jurídico Español (d1886. cMadrid)948910aCongreso Jurídico Español iniciado por la Real Academia de Jurisprudencia y Legislación. aMadrid : b[s.n.], c1886 (fHijos de J. A. García) a79 p. ; c13 cm. aES-MaACLjD-515 c46424d46424 001040708LIBXIXaATENEOMbATENEOMcSVId2008-01-17eSCl0oD-515p901048824r2023-02-23 00:00:00w2023-02-23yMONANT